000 00207nam a22000857a 4500
999 _c11539
_d11539
008 190601b ||||| |||| 00| 0 eng d
020 _a9780310736578
100 _97249
_aSTROBEL LEE
245 _aTHE CASE FOR GRACE